In the dark : (Record no. 535010)
[ view plain ]
| 000 -LEADER | |
|---|---|
| fixed length control field | 01015cam a2200241 i 4500 |
| 020 ## - INTERNATIONAL STANDARD BOOK NUMBER | |
| International Standard Book Number | 9781464811548 |
| Qualifying information | paperback |
| 020 ## - INTERNATIONAL STANDARD BOOK NUMBER | |
| International Standard Book Number | 1464811547 |
| Qualifying information | paperback |
| 082 04 - DEWEY DECIMAL CLASSIFICATION NUMBER | |
| Classification number | 333.793/2170954 |
| 100 1# - MAIN ENTRY--PERSONAL NAME | |
| Personal name | Zhang, Fan |
| Dates associated with a name | 1977- |
| Relator term | author. |
| 245 10 - TITLE STATEMENT | |
| Title | In the dark : |
| Remainder of title | how much do power sector distortions cost South Asia? / |
| Statement of responsibility, etc. | Fan Zhang. |
| 260 ## - PUBLICATION, DISTRIBUTION, ETC. | |
| Place of publication, distribution, etc. | Washington |
| Name of publisher, distributor, etc. | The World Bank |
| Date of publication, distribution, etc. | 2019 |
| 300 ## - PHYSICAL DESCRIPTION | |
| Extent | xxiv, 232 pages : |
| Other physical details | color illustrations, color maps ; |
| Dimensions | 26 cm. |
| 942 ## - ADDED ENTRY ELEMENTS (KOHA) | |
| Source of classification or shelving scheme | |
| Koha item type | Book |
| 504 ## - BIBLIOGRAPHY, ETC. NOTE | |
| Bibliography, etc. note | Includes bibliographical references. |
| 650 #0 - SUBJECT ADDED ENTRY--TOPICAL TERM | |
| Topical term or geographic name entry element | Electric power failures |
| 650 #0 - SUBJECT ADDED ENTRY--TOPICAL TERM | |
| Topical term or geographic name entry element | Electric power failures |
| 650 #0 - SUBJECT ADDED ENTRY--TOPICAL TERM | |
| Topical term or geographic name entry element | Electric power failures |
| 650 #7 - SUBJECT ADDED ENTRY--TOPICAL TERM | |
| Topical term or geographic name entry element | Electric power failures |
| 650 #0 - SUBJECT ADDED ENTRY--TOPICAL TERM | |
| -- | 29477 |
| 650 #0 - SUBJECT ADDED ENTRY--TOPICAL TERM | |
| -- | 29478 |
| 650 #0 - SUBJECT ADDED ENTRY--TOPICAL TERM | |
| -- | 29479 |
| 650 #7 - SUBJECT ADDED ENTRY--TOPICAL TERM | |
| -- | 29480 |
| Withdrawn status | Lost status | Source of classification or shelving scheme | Materials specified (bound volume or other part) | Damaged status | Not for loan | Permanent Location | Current Location | Shelving location | Date acquired | Source of acquisition | Total Checkouts | Full call number | Barcode | Date last seen | Price effective from | Koha item type |
|---|---|---|---|---|---|---|---|---|---|---|---|---|---|---|---|---|
| Donation from USPCAS-E NUST | Central Library (CL) | Central Library (CL) | General Stacks | 08/26/2020 | Donation | 333.793/2170954 ZHA | CL-D-990 | 08/26/2020 | 08/26/2020 | Book | ||||||
| Central Library (CL) | Central Library (CL) | General Stacks | 08/26/2020 | Donation | 333.793/2170954 ZHA | CL-D-991 | 08/26/2020 | 08/26/2020 | Book | |||||||
| Central Library (CL) | Central Library (CL) | General Stacks | 08/26/2020 | Donation | 333.793/2170954 ZHA | CL-D-992 | 08/26/2020 | 08/26/2020 | Book | |||||||
| Central Library (CL) | Central Library (CL) | General Stacks | 08/26/2020 | Donation | 333.793/2170954 ZHA | CL-D-993 | 08/26/2020 | 08/26/2020 | Book | |||||||
| Central Library (CL) | Central Library (CL) | General Stacks | 08/26/2020 | Donation | 333.793/2170954 ZHA | CL-D-994 | 08/26/2020 | 08/26/2020 | Book |
